000 00556nam a2200169 i 4500
001 98660
003 ES-MaACL
005 20230906182336.0
007 t|
008 940202s1860 fr |||| | fre d
040 _aCAM
_bspa
100 1 _aEichhoff, F.G.
_946806
245 1 0 _aPoésie héroique des indiens comparée áa l'épopée grecque et romaine avec analyse des poemes nationaux de l'Inde /
_cpar F.G. Eichhoff.
260 _aParis :
_bAuguste Durand,
_c1860 (
_eMeaux :
_fImp. A. Carro)
300 _a388 p. ;
_c23 cm.
852 _aES-MaACL
_jC-3273
999 _c98660
_d98660